Statistics for Music Genre Based on Artist

Click here to take the quiz!

General Stats

  • This quiz has been taken 73 times
  • The average score is 10 of 15

Answer Stats

HintAnswer% Correct
Taylor Swift, Madonna, Michael JacksonPop
100%
Kanye West, Lauryn Hill, Notorious B.I.G.Rap
91%
Dolly Parton, Johnny Cash, Garth BrooksCountry
86%
Mozart, Beethoven, TchaikovskyClassical
83%
Duke Ellington, Miles Davis, Ella FitzgeraldJazz
80%
Bob Marley, Bunny Wailer, Jimmy CliffReggae
80%
ABBA, Kool & The Gang, the Bee GeesDisco
74%
Aretha Franklin, Stevie Wonder, Ray CharlesSoul
73%
Joni Mitchell, Bob Dylan, Cat StevensFolk
59%
James Brown, Earth, Wind, & Fire, Bootsy CollinsFunk
56%
Arctic Monkeys, Lana Del Rey, The NeighbourhoodAlternative/Indie
55%
Alicia Keys, Diana Ross, Marvin GayeR&B
53%
Paramore, Jimmy Eat World, Fall Out BoyEmo
45%
The Rolling Stones, The Beatles, Led ZeppelinClassic Rock
42%
Daft Punk,Tiësto, Calvin HarrisEDM
42%

Score Distribution

Percentile by Number Answered

Percent of People with Each Score

Your Score History

You have not taken this quiz